<?xml version="1.0" encoding="UTF-8"?>
<record
    xmlns:xsi="http://www.w3.org/2001/XMLSchema-instance"
    xsi:schemaLocation="http://www.loc.gov/MARC21/slim http://www.loc.gov/standards/marcxml/schema/MARC21slim.xsd"
    xmlns="http://www.loc.gov/MARC21/slim">

  <leader>00822cam a2200217 a 4500</leader>
  <controlfield tag="001">000003426</controlfield>
  <controlfield tag="005">20200929150435.0</controlfield>
  <controlfield tag="008">801215s1984    ng            000 0 spa  </controlfield>
  <datafield tag="040" ind1=" " ind2=" ">
    <subfield code="a">DO-SdBNP</subfield>
    <subfield code="b">spa</subfield>
    <subfield code="c">BNPHU</subfield>
  </datafield>
  <datafield tag="082" ind1=" " ind2=" ">
    <subfield code="a">320.50924</subfield>
    <subfield code="b">S217F, 1984.</subfield>
  </datafield>
  <datafield tag="100" ind1="1" ind2=" ">
    <subfield code="a">Sandino, Augusto C&#xE9;sar,</subfield>
    <subfield code="d">1895-1934</subfield>
    <subfield code="9">10682</subfield>
  </datafield>
  <datafield tag="245" ind1="1" ind2="0">
    <subfield code="a">Ideario pol&#xED;tico del general Augusto C&#xE9;sar Sandino /</subfield>
    <subfield code="c">Augusto C&#xE9;sar Sandino; recopilaci&#xF3;n Carlos Fonseca Amador.</subfield>
  </datafield>
  <datafield tag="250" ind1=" " ind2=" ">
    <subfield code="a">2a ed.</subfield>
  </datafield>
  <datafield tag="260" ind1=" " ind2=" ">
    <subfield code="a">Managua, Nicaragua :</subfield>
    <subfield code="b">Departamento Nacional de Propaganda y Educaci&#xF3;n Pol&#xED;tica del FSLN,</subfield>
    <subfield code="c">1984.</subfield>
  </datafield>
  <datafield tag="300" ind1=" " ind2=" ">
    <subfield code="a">78 p. ;</subfield>
    <subfield code="c">17 cm.</subfield>
  </datafield>
  <datafield tag="490" ind1=" " ind2=" ">
    <subfield code="a">Viva Sandino</subfield>
  </datafield>
  <datafield tag="600" ind1="1" ind2="0">
    <subfield code="a">SANDINO, AUGUSTO C&#xC9;SAR,</subfield>
    <subfield code="d">1895-1934</subfield>
    <subfield code="x">CITAS.</subfield>
    <subfield code="9">10683</subfield>
  </datafield>
  <datafield tag="700" ind1="1" ind2="2">
    <subfield code="a">Fonseca Amador, Carlos</subfield>
    <subfield code="9">10684</subfield>
  </datafield>
  <datafield tag="830" ind1=" " ind2="0">
    <subfield code="a">Viva Sandino</subfield>
    <subfield code="9">10685</subfield>
  </datafield>
  <datafield tag="910" ind1=" " ind2=" ">
    <subfield code="a">Validado. Control de calidad MFF</subfield>
  </datafield>
  <datafield tag="952" ind1=" " ind2=" ">
    <subfield code="0">0</subfield>
    <subfield code="1">0</subfield>
    <subfield code="5">2</subfield>
    <subfield code="7">0</subfield>
    <subfield code="8">MO</subfield>
    <subfield code="a">GR</subfield>
    <subfield code="b">GR</subfield>
    <subfield code="c">HD</subfield>
    <subfield code="d">2009-07-08</subfield>
    <subfield code="i">LF1</subfield>
    <subfield code="l">0</subfield>
    <subfield code="o">320.50924 S217F, 1984.</subfield>
    <subfield code="p">3426-10</subfield>
    <subfield code="r">2020-06-25</subfield>
    <subfield code="w">2020-06-25</subfield>
    <subfield code="y">2</subfield>
    <subfield code="Z">Pr&#xE9;stamo interno</subfield>
  </datafield>
  <datafield tag="999" ind1=" " ind2=" ">
    <subfield code="c">3256</subfield>
    <subfield code="d">3256</subfield>
  </datafield>
</record>
